=LDR 00000nam 2200000 4500 =990 ##$$a 141/SM-23 =001 INLIS000000000010811 =005 20241018040255 =035 ##$$a 0010-0524000191 =005 20240502123909 =035 ##$$a 0010-0524000191 =035 ##$$a 0010-0524000191 =007 ta =008 241018################|##########|#|## =020 ##$$a 978-602-8228-69-5 =082 ##$$a 540.3 =084 ##$$a 540.3 SUB k =100 1#$$a SUBRATA, Santi =245 1#$$a Kamus Kimia Lengkap : $b untuk Siswa, Mahasiswa & Umum /$c Santi Subrata =250 ##$$a Cetakan 1 =260 ##$$a Jakarta :$b Victory Inti Cipta,$c s.a =300 ##$$a 320 halaman : $b gambar ; $c 14,5 x 21 cm =650 #4$$a Kamus Kimia =650 #4$$a Sumbangan Mahasiswa 2023 =856 ##$$a OPAC (Rak Referensi - Kamus)